| 000 | 01393 a2200445 4500 | ||
|---|---|---|---|
| 999 |
_c71398 _d13338 |
||
| 001 | 71398 | ||
| 003 | TR-AnTOB | ||
| 005 | 20241024164241.0 | ||
| 008 | 110504s2007 tu b 001 0 d | ||
| 020 | _a9789758918126 | ||
| 040 |
_aITU _cTR-AnTOB |
||
| 041 | _atur | ||
| 049 | _aITUM | ||
| 050 |
_aJZ1318 _b.A33 2007 |
||
| 090 | _aJZ1318 .A33 2007 | ||
| 100 |
_aAkbulut, Örsan Ö. _945911 |
||
| 245 | 0 |
_aKüreselleşme, ulus-devlet ve kamu yönetimi / _cÖrsan Ö. Akbulut. |
|
| 264 | 1 |
_aAnkara : _bTODAİE, _c2007. |
|
| 300 |
_aviii,390 s. ; _c20 cm. |
||
| 336 |
_2rdacontent _atext _btxt |
||
| 337 |
_2rdamedia _aunmediated _bn |
||
| 338 |
_2rdacarrier _avolume _bnc |
||
| 490 | 0 |
_aTODAİE ; _v331 |
|
| 504 | _aKaynakçalar ve dizin var | ||
| 530 | _aKarton kapak (Paperback) | ||
| 590 | _aProf. Dr. Abdüllatif Şener tarafından bağlanmıştır. | ||
| 650 | 0 |
_aPolitical science _xResearch _92904 |
|
| 650 | 0 |
_aSiyasal bilim _xTarih _97795 |
|
| 650 |
_aInternational relations _xPhilosophy _xHistory _94517 |
||
| 650 | 0 |
_aPublic administration _zTurkey _919468 |
|
| 650 |
_aUluslararası ilişkiler _922141 |
||
| 650 | 0 |
_aKamu yönetimi _98396 |
|
| 650 |
_aKüreselleşme _xEkonomik yönleri _985802 |
||
| 650 |
_aGlobalization _xEconomic aspects _91906 |
||
| 902 | _a0024839 | ||
| 903 | _aMerkez Kütüphane | ||
| 910 | _a000129093001 | ||
| 942 |
_cBK _2lcc |
||